Tunnettuja suomalaisia parivaljakoita #2 - Statistics

Yleistilastot
  • Tätä visaa on pelattu 71 kertaa
  • Keskiarvotulos 8 / 15
Vastaustilastot
% Oikein
ruotsi suomi (Suomen viralliset kielet)
98%
Kerttu Niskanen Iivo Niskanen (hiihtäjäsisarukset)
92%
Heinähattu Vilttitossu (Lasten kirjasarja)
91%
Mikko Koivu Saku Koivu (jääkiekkoilijaveljekset)
86%
Tarja Halonen Pentti Arajärvi (Tasavallan presidentti ja hänen puolisonsa)
58%
Ansa Ikonen Tauno Palo (12 yhteistä elokuvaa)
57%
Katja Kätkä Virpi Kätkä (CatCat)
57%
Miina-kissa Manu-kissa (Lasten kirjasarja)
52%
Riku Rantala Tuomas "Tunna" Milonoff (Madventures)
52%
Pirkka-Pekka Petelius Aake Kalliala (Sketsisarjat)
49%
Elastinen Iso H (Fintelligens)
46%
Marcus Grönholm Timo Rautiainen (rallikuski ja kartturi)
35%
Ella Kanninen Mikko Kekäläinen (Puoli Seitsemän)
29%
Emma Johansson Matilda Malkamäki (Emma&Matilda)
26%
Oona Kauppi Veera Kauppi (salibandy-kaksoset)
17%
Ehtoja vastaavia visoja ei löytynyt
Tulosjakauma
Jokaisen tuloksen saaneiden osuus
Persentiili vastausten määrän mukaan
Tuloshistoriasi
Et ole pelannut tätä visaa